000 00641nam a2200229 a 4500
005 20140310183518.0
008 110128s19uu xx 00 eng d
020 _a9789810697518
050 _aHF 5823
_b.W45 2010
100 _aMoriarty, Sandra.
245 _aAdvetising :
_bprinciples & practice /
_cSandra Moriarty
250 _a8th
260 _aSingapore :
_bPearson Education International,
_c2010.
300 _a685 p. :
_c26 cm.
521 _aMC
650 _aAdvertising
_vPrinciples and Practice.
700 _aNancy Mitchell
700 _aWilliams Wells
942 _cBK
_2lcc
_kFOR
999 _c24332
_d24332